LEADER 01290nam a2200241 i 4500 001 000000064640 003 CaOOAMICUS 005 20131011000000.0 008 131011s1964 xx u000 u ger u 013 $a35812 040 $aSeMil$bita 100 1 $aKnoch, Otto,$d<1926- >.$0(OLS)http://semarc/name/18155 245 10$aEigenart und Bedeutung der Eschatologie im theologischen Aufriß des ersten Clemensbriefes :$beine auslegungsgeschichtl. Untersuchung /$cvon Otto Knoch. 260 $aBonn :$bPeter Hanstein,$c1964. 300 $a483 p. ;$c25 cm. 490 0 $aTheophaneia : Beiträge zur Religions-und Kirchengeschichte des Altertums ;$v17 650 4$aBibbia - NT - Apocalisse - Antropologia e escatologia.$0(OLS)http://semarc/subject/12601 650 4$aClemente I . Epistula ad Corinthios.$0(OLS)http://semarc/subject/12602 830 0$aTheophaneia ;$v17.$0(OLS)http://semarc/title/10667 850 $aSeMil 852 $aSeMil$W1$xVenegono$y1$m2M IV 366$j30793$B30793$CSeMilBibl$Z2$F30796 $81 996 $6245$aEigenart und Bedeutung der Eschatologie im theologischen Aufriß des ersten Clemensbriefes :$beine auslegungsgeschichtl. Untersuchung$9(OLS)http://semarc/title/102406 996 $6260$aBonn :$bPeter Hanstein$9(OLS)http://semarc/publisher/37956 LEADER 00824naa a2200181 i 4500 001 000000306330 003 CaOOAMICUS 005 20180831172854.0 008 180831n it u000 u ita u 013 $a14764 040 $aSeMil$bita 100 1 $aBertone, Tarcisio,$c.$0(OLS)http://semarc/name/90326 245 13$aIl monoteismo trinitario nel contesto del dialogo interreligioso. 650 4$aMonoteismo - Studi.$0(OLS)http://semarc/subject/11842 650 4$aTeologia trinitaria.$0(OLS)http://semarc/subject/1000 650 4$aTrinità - Dialogo interreligioso.$0(OLS)http://semarc/subject/43444 773 0 $tDivinarum Rerum notitia.$dRoma : Studium, 2001.$kCultura$z88-382-3864-2$gp.383-409$w()77464 996 $6245$aIl monoteismo trinitario nel contesto del dialogo interreligioso$9(OLS)http://semarc/title/381749